000 00826nam a2200253Ia 4500
003 OSt
005 20221005113440.0
006 a|||||r|||| 00| 0
007 ta
008 221004b |||||||| |||| 00| 0 pan d
024 _a117344
037 _cTextual
040 _aCRL
_cCRL
_bpan
041 _2pan
_apan
082 _aO153,3NJI:g, Q0
100 _aਰਵੀ ਰਵਿੰਦਰ, ਥਦ।
245 0 _aਇਕ ਕਹਾਣੀ
_b ਦਸ ਦਿਾਵਾਂ
260 _aਲੁਧਿਆਣਾ
_bਚੇਤਨਾ ਪ੍ਰਕਾਨ ਭਾਰਤ
_c2010
300 _a158ਪੰ
_ccm.
650 _a ਕਹਾਣੀ ਆਲੋਚਨਾ
650 _aਪੰਜਾਬੀ ਸਾਹਿਤ
942 _hO153,3NJI:g, Q0
_cTEXL
_2cc
999 _c1028221
_d1028221